Измерение вращающих моментов электрических микромашин

Bibliographic Details
Main Author: Саркисян Р. Г.
Language:Russian
Published: Москва, ЦНИИТЭИприборостроения, 1970
Subjects:
Format: Book
KOHA link:https://koha.lib.tpu.ru/cgi-bin/koha/opac-detail.pl?biblionumber=146801

MARC

LEADER 00000nam0a2200000 4500
001 146801
005 20231031144754.0
035 |a (RuTPU)RU\TPU\book\159130 
090 |a 146801 
100 |a 20081105d1970 m y0rusy50 ca 
101 0 |a rus 
102 |a RU 
105 |a a z 001zy 
200 1 |a Измерение вращающих моментов электрических микромашин  |f Р. Г. Саркисян 
210 |a Москва  |c ЦНИИТЭИприборостроения  |d 1970 
215 |a 91 с.  |c ил. 
320 |a Библиогр.: с. 86-91. 
610 1 |a микроэлектромашины 
610 1 |a вращающий момент 
610 1 |a измерение 
610 1 |a моментомеры 
610 1 |a типы 
610 1 |a конструкции 
675 |a 621.313  |v 3 
700 1 |a Саркисян  |b Р. Г. 
801 1 |a RU  |b 63413507  |c 20081105  |g PSBO 
801 2 |a RU  |b 63413507  |c 20081124  |g PSBO 
942 |c BK